000 01087nmm a2200301 a 4500
001 ocm000955354
003 TR-IsHL
005 20201028150447.0
008 150110s2014 tu eng
007 cr cn
020 _a9781503036611
035 _a955354
_b(N$T)
050 0 4 _aPS1408.A2
_bD6 2014
090 0 4 _aPS1408.A2
_bD6 2014
100 1 _aCooper, James Fenimore
245 1 0 _aThe last of the Mohicans
_h[electronic resource] /
_cJames Fenimore Cooper ; illustrated by Murat Ukray
260 _aİstanbul :
_bE-Kitap Projesi,
_c2014
300 _a476 p.
650 4 _aDil ve Edebiyat
650 4 _aLanguage and Literature
650 0 _aHintli Mohikanlar
_xÇocuk edebiyatı
650 0 _aMohegan Indians
_xJuvenile fiction
650 0 _aKuzey Amerika Hintlileri
_xÇocuk edebiyatı
650 0 _aIndians of North America
_xJuvenile fiction
650 7 _aLITERARY COLLECTIONS / European / English, Irish, Scottish, Welsh
_2bisacsh
700 1 _aUkray, Murat
856 4 0 _uhttp://search.ebscohost.com/login.aspx?direct=true&scope=site&db=e011xww&AN=955354
999 _c10485
_d10485